000 01267naa a22003617a 4500
001 BR7604005
003 BR-BrBNA
005 20240918173915.0
007 ta
008 230509b bl.||||| |||| 00| 0 por d
040 _aBR-BrBNA
_bpor
_cBiblioteca Nacional de Agricultura
041 _a(Pt)
072 _aF00
_b1060
_b1030
_b1050
090 _aF00 BR7604005
100 1 _aTeofilo Sobrinho, J.
100 1 _aPompeu Junior, J.
100 1 _aFigueiredo, J.O.
100 1 _aBarbin, D.
111 1 _a3. Congresso Brasileiro de Fruticultura
_cRio de Janeiro, RJ (Brazil)
_d14 Jul 1975
245 1 _aEstudo da laranjeira-natal sobre nove porta-enxerto [Citrus sinensis, enxerto, comportamento de variedade]
260 3 _aCampinas, SP (Brasil):
_c1976.
500 _aAnais do 3. Congresso Brasileiro de Fruticultura Campinas, SP (Brasil): 1976. v. 1 p. 187-194 (BR7604005-AM)F00
650 _aLARANJA
650 _aVARIEDADE
650 _aPORTA ENXERTO
650 _aCLONE NUCLEAR
650 _aLIMAO CRAVO
650 _aLIMAO RUGOSO
650 _aTANGERINA
773 0 _tAnais do 3. Congresso Brasileiro de Fruticultura
_wF00 BR7604005
_gCampinas, SP (Brasil), 1976. v. 1 p. 187-194
909 _a202404
_bLucia
_c55
_dLucia Elande
942 _cAM
_2AGRIS
999 _c307621
_d307621